000
00353pab a2200157 454500
008
180718b2006 xxu||||| |||| 00| 0 eng d
100
_a
Ramnarayan, S.
245
_a
Dynamics of reinvention
260
_c
2006
300
_a
p.31-47.
362
_a
Jan-Mar
650
_a
Organizations
700
_a
Nilakant, V.
773
_a
Vikalpa
909
_a
70282
999
_c
70282
_d
70282